| 000 | 00946nam0a22002411 4500 | ||
|---|---|---|---|
| 001 | rc\2203465 | ||
| 005 | 20250623060737.0 | ||
| 035 | _a(NLR Aleph) 006616532 | ||
| 090 |
_a7404288 _c7404288 |
||
| 100 | _a20110829d1978 |||y0rusy50 ca | ||
| 101 | 0 | _arus | |
| 102 | _aRU | ||
| 105 | _aa z ||||| | ||
| 200 | 1 |
_aОформление Москвы к Олимпийским играм 1980 года _eЭскиз. проект _fИсполком Моск. гор. Совета нар. депутатов. Гл. архит.-планировоч. упр. г. Москвы, Упр. по проектированию обществ. зданий и сооружений "Моспроект-2" |
|
| 210 |
_aМосква _cБ. и. _d1978 |
||
| 215 |
_a22 л. _cил. _d27 |
||
| 333 | _aДСП. Экз. № 1 | ||
| 801 | 0 |
_aRU _bNLR _gpsbo |
|
| 801 | 1 |
_aRU _bELAR _2rusmarc |
|
| 852 |
_aNLR _j78-50К/4092 |
||
| 899 |
_aRuMoRGB _jСХ |
||
| 942 | _cBOOK | ||
| 980 | _aNB | ||